Statistiques concernant đź“– 150 premiers mots "La Femme Squelette"

Cliquez ici pour prendre le quiz!

Statistiques générales

  • Ce quiz a Ă©tĂ© pris 21 fois
  • Le rĂ©sultat moyen est 73 sur 150

Statistiques - réponses

Mots% Correct
"Oh,
100%
il
92%
Il
92%
l'
92%
lĂ 
92%
la
92%
le
92%
son
92%
Ă 
85%
d'
85%
de
85%
des
85%
Femme
85%
je
85%
Les
85%
les
85%
ne
85%
se
85%
du
77%
En
77%
et
77%
Et
77%
ils
77%
par
77%
qu'
77%
que
77%
sa
77%
ses
77%
un
77%
Un
77%
une
77%
ce
69%
elle
69%
Elle
69%
est-
69%
mais
69%
mer.
69%
fait
62%
fait,
62%
Squelette.
62%
squelette
62%
bien
54%
Ă©tait
54%
lui
54%
avait
46%
dans
46%
Ă©taient
46%
jour,
46%
Or,
46%
os
46%
plus
46%
cet
38%
cette
38%
chez
38%
été
38%
père
38%
sous
38%
avaient
31%
chose
31%
ci
31%
quelque
31%
Toujours
31%
yeux.
31%
dont
23%
eaux,
23%
personne
23%
poisson
23%
celui-
15%
chair,
15%
combien ...
15%
déjà
15%
grosse
15%
loin
15%
poissons
15%
prendre
15%
voilĂ 
15%
allait
8%
arriva
8%
cage
8%
désapprouvait,
8%
dévoré
8%
disant
8%
endroit,
8%
gisait
8%
hameçon
8%
imaginait
8%
jusqu'
8%
mangé
8%
nombre
8%
nourrir,
8%
pĂŞcher
8%
pĂŞcheur
8%
pĂŞcheur.
8%
pĂŞcheur,
8%
pensa
8%
personnes
8%
prise!"
8%
souvenait.
8%
thoracique
8%
tiens
8%
vint
8%
autrefois,
0%
balloté
0%
courants.
0%
crique,
0%
Ă©cart
0%
entraîné
0%
environs
0%
falaise
0%
hantée.
0%
ignorait
0%
magnifique
0%
pĂŞcheurs
0%
précipitée
0%
tenaient
0%
traînée
0%

Distribution des résultats

Percentile par nombre de réponses

% des personnes avec chaque résultat

Votre développement - résultats

Vous n’avez pas pris ce quiz